000
00285nam a22001337a 4500
008
181008b xxu||||| |||| 00| 0 eng d
020
_a
9781599849294
041
_a
eng
080
_2
7th
_a
540
100
_a
12
101
_a
KIM
245
_a
Chemistry
_c
Carolina,E
942
_2
udc
_c
BK
999
_c
49029
_d
49029